000 00325nam a22001457a 4500
003 SGT
020 _a9789386042125
082 _a320
_bG16S
100 _aSINGH, SHIVANI
245 _aGOVERNANCE ISSUES AND CHALLENGES
260 _bSAGE PUBLICATIONS
_c2016
300 _a250
650 _aPOLITICAL SCIENCE
942 _2ddc
_cBK
999 _c28892
_d28892